Dragon Type Pokemon Abilities - Statistics

General Stats
  • This quiz has been taken 65 times
    6 since last reset
  • The average score is 72 of 77
Answer Stats
Gen Ability % Correct
6 Adaptability
100%
6 Aerilate
100%
3 Air Lock
100%
6 Aura Break
100%
7 Beast Boost
100%
7 Berserk
100%
7 Bulletproof
100%
5 Cloud Nine
100%
8 Cursed Body
100%
8 Dragon's Maw
100%
6 Gooey
100%
9 Hadron Engine
100%
8 Heavy Metal
100%
5 Hustle
100%
6 Hydration
100%
9 Ice Body
100%
6 Infiltrator
100%
3 Inner Focus
100%
3 Levitate
100%
8 Light Metal
100%
5 Mold Breaker
100%
5 Moxie
100%
5 Multiscale
100%
4 Multitype
100%
3 Natural Cure
100%
9 Orichalcum Pulse
100%
6 Pixilate
100%
6 Poison Point
100%
4 Pressure
100%
9 Protosynthesis
100%
9 Regenerator
100%
7 RKS System
100%
3 Rock Head
100%
5 Rough Skin
100%
6 Sand Force
100%
8 Sand Rush
100%
4 Sand Veil
100%
6 Sap Sipper
100%
3 Shed Skin
100%
5 Sheer Force
100%
7 Shell Armor
100%
4 Sniper
100%
7 Soundproof
100%
8 Stalwart
100%
9 Stamina
100%
9 Sticky Hold
100%
6 Strong Jaw
100%
3 Swift Swim
100%
5 Teravolt
100%
9 Thermal Exchange
100%
6 Tough Claws
100%
5 Turboblaze
100%
8 Volt Absorb
100%
8 Water Absorb
100%
8 Clear Body
80%
9 Commander
80%
5 Damp
80%
6 Delta Stream
80%
9 Dragonize
80%
6 Frisk
80%
7 Harvest
80%
3 Intimidate
80%
6 Lightning Rod
80%
7 Neuroforce
80%
5 Overcoat
80%
6 Poison Touch
80%
7 Power Construct
80%
8 Ripen
80%
5 Rivalry
80%
9 Supersweet Syrup
80%
5 Telepathy
80%
8 Thick Fat
80%
5 Unnerve
80%
8 Gluttony
60%
5 Marvel Scale
60%
9 Storm Drain
60%
6 Sturdy
60%
No matching quizzes found
Score Distribution
Percent of People with Each Score
Percentile by Number Answered
Your Score History
You have not taken this quiz since the last reset